[Event "SVK-ch Seniors-A"]
[Site "Tatranske Matliare"]
[Date "2010.06.??"]
[Round "9"]
[White "Skarba, Stanislav"]
[Black "Zdrazil, Bohumir"]
[Result "1/2-1/2"]
[WhiteElo "1890"]
[BlackElo "1931"]
[PlyCount "37"]
[EventDate "2010.06.06"]
[EventType "swiss"]
[EventRounds "9"]
[EventCountry "SVK"]
[SourceTitle "EXT 2023"]
[Source "ChessBase"]
[SourceDate "2022.10.05"]
[SourceVersion "1"]
[SourceVersionDate "2022.10.05"]
[SourceQuality "1"]

1. d4 d5 2. Nf3 e6 3. e3 Nf6 4. c4 c6 5. Nc3 Nbd7 6. Be2 Bd6 7. 0-0 0-0 8. b3 a6 9. Bb2 b5 10. cxb5 cxb5 11. Rc1 Bb7 12. Bd3 Ne4 13. Bb1 f5 14. Qd3 Qf6 15. g3 g5 16. Qe2 Rf7 17. Nd2 Nxd2 18. Qxd2 g4 19. Ne2 1/2-1/2